[Event "P-3450"]
[Site "IECC email"]
[Date "2003.08.15"]
[Round "?"]
[White "Ekaworawong, Prayoon"]
[Black "Coulding, Brad"]
[Result "1/2-1/2"]
[WhiteElo "1772"]
[BlackElo "1502"]
[PlyCount "74"]
[EventDate "2003.??.??"]
[EventType "tourn (corr)"]
[SourceTitle "Corr 2020"]
[Source "ChessBase"]
[SourceDate "2019.09.30"]
[SourceVersion "1"]
[SourceVersionDate "2019.09.30"]
[SourceQuality "1"]
[WhiteTeam "Thailand"]
[BlackTeam "Australia"]
[WhiteTeamCountry "THA"]
[BlackTeamCountry "AUS"]

1. e4 e5 2. f4 exf4 3. Nf3 d5 4. exd5 Nf6 5. Bc4 c6 6. dxc6 Nxc6 7. d4 Bg4 8. Qe2+ Be7 9. c3 0-0 10. Bxf4 Rc8 11. 0-0 Re8 12. Qd3 a6 13. Ne5 Nxe5 14. Bxe5 Nd5 15. Bxd5 Qxd5 16. Qg3 h5 17. h3 f6 18. hxg4 fxe5 19. Rf5 Qd7 20. Rxh5 exd4 21. Qh3 Bc5 22. Rh8+ Kf7 23. Qh5+ Ke7 24. Qe5+ Kd8 25. Rxe8+ Qxe8 26. Qxe8+ Kxe8 27. Kf1 d3 28. Nd2 Kf7 29. g3 Rh8 30. Kg2 Re8 31. Rd1 Kf6 32. Nf3 Re3 33. b4 Bb6 34. c4 a5 35. c5 Bc7 36. a3 Re2+ 37. Kh3 Re3 1/2-1/2

[Event "IECC P email"]
[Site "IECC email"]
[Date "2003.01.04"]
[Round "?"]
[White "Tarzia, Paolo"]
[Black "Coulding, Brad"]
[Result "1-0"]
[WhiteElo "1544"]
[BlackElo "1520"]
[PlyCount "87"]
[EventDate "2003.??.??"]
[EventType "tourn (corr)"]
[EventRounds "6"]
[SourceTitle "Corr 2008"]
[Source "ChessBase"]
[SourceDate "2008.06.24"]
[SourceVersion "1"]
[SourceVersionDate "2008.06.24"]
[SourceQuality "1"]

1. e4 c5 2. Nf3 Nc6 3. d4 cxd4 4. Nxd4 g6 5. c4 Bg7 6. Be3 Nf6 7. Nc3 Ng4 8. Qxg4 Nxd4 9. Qd1 e5 10. Nb5 0-0 11. Qd2 Qe7 12. Nc7 Rb8 13. Nd5 Qh4 14. Bd3 d6 15. Bxd4 exd4 16. 0-0 b6 17. Qb4 Rd8 18. g3 Qh5 19. Ne7+ Kf8 20. Nc6 Bh3 21. Rfe1 Qf3 22. Bf1 a5 23. Qb3 Qxb3 24. axb3 Bg4 25. Bd3 Bf3 26. Ra4 Rdc8 27. Nxb8 Rxb8 28. b4 Ke7 29. bxa5 bxa5 30. Rb1 Rb3 31. Ra3 Rxa3 32. bxa3 Bh6 33. Rb5 a4 34. Ra5 Bd1 35. f4 Ke6 36. Kf1 Bg7 37. Ke1 Bb3 38. Kd2 Bf6 39. Ra6 Ke7 40. Ra7+ Kf8 41. Bc2 Bxc4 42. Rxa4 d5 43. e5 Bd8 44. Bd3 1-0

[Event "IECC KO email"]
[Site "IECC email"]
[Date "2001.09.17"]
[Round "?"]
[White "Coulding, Brad"]
[Black "Rossi, Calder"]
[Result "1-0"]
[WhiteElo "1542"]
[BlackElo "1244"]
[PlyCount "95"]
[EventDate "2001.??.??"]
[EventType "tourn (corr)"]
[EventRounds "6"]
[SourceTitle "Corr 2008"]
[Source "ChessBase"]
[SourceDate "2008.06.24"]
[SourceVersion "1"]
[SourceVersionDate "2008.06.24"]
[SourceQuality "1"]

1. d4 Nf6 2. c4 g6 3. Nc3 Bg7 4. e4 d6 5. f3 0-0 6. Be3 e5 7. d5 c6 8. Qd2 cxd5 9. cxd5 Nbd7 10. Nge2 Ne8 11. g4 f5 12. gxf5 gxf5 13. Bg5 Qa5 14. Ng3 fxe4 15. fxe4 Nc5 16. Qd1 Qb4 17. Qe2 Na4 18. Qb5 Qxb5 19. Nxb5 Bd7 20. b3 Nc5 21. Be2 Rf4 22. Rc1 Bxb5 23. Bxb5 Rg4 24. Be3 Nxe4 25. Nf5 N4f6 26. Be2 Rg2 27. Bf3 Rxa2 28. Rg1 Rxh2 29. Rc7 Nxc7 30. Rxg7+ Kh8 31. Rxc7 Rh3 32. Ke2 Rh2+ 33. Kd3 Rh3 34. Bg2 Rh2 35. Be4 Rh3 36. Rf7 Ng4 37. Bg2 Nxe3 38. Bxh3 Nxd5 39. Kc4 Nf4 40. Bf1 d5+ 41. Kc5 b6+ 42. Kd6 e4 43. Nd4 Ng6 44. Kxd5 e3 45. Bb5 h6 46. Ke4 a6 47. Bc6 Rc8 48. Bd7 1-0

[Event "IECC KO email"]
[Site "IECC email"]
[Date "2001.09.17"]
[Round "?"]
[White "Rossi, Calder"]
[Black "Coulding, Brad"]
[Result "1/2-1/2"]
[WhiteElo "1240"]
[BlackElo "1546"]
[PlyCount "96"]
[EventDate "2001.??.??"]
[EventType "tourn (corr)"]
[EventRounds "6"]
[SourceTitle "Corr 2008"]
[Source "ChessBase"]
[SourceDate "2008.06.24"]
[SourceVersion "1"]
[SourceVersionDate "2008.06.24"]
[SourceQuality "1"]

1. c4 c5 2. Nf3 Nf6 3. Nc3 e6 4. g3 b6 5. Bg2 Bb7 6. 0-0 Be7 7. Re1 d6 8. e4 Nbd7 9. d4 cxd4 10. Nxd4 Qc7 11. b3 a6 12. Bb2 0-0 13. Qd2 Rfe8 14. f4 Ng4 15. h3 Ngf6 16. Rad1 Rad8 17. Nc2 b5 18. cxb5 axb5 19. Qf2 b4 20. Nxb4 d5 21. Nd3 Ba6 22. Na4 Bxd3 23. Rxd3 dxe4 24. Bxe4 Nc5 25. Rxd8 Rxd8 26. Bxf6 Bxf6 27. Qc2 Qa5 28. Bxh7+ Kh8 29. Re2 Nxa4 30. bxa4 g6 31. Bxg6 fxg6 32. Qxg6 Qf5 33. Qxf5 exf5 34. Rc2 Rd4 35. Rc6 Kg7 36. a5 Rd1+ 37. Kg2 Rd2+ 38. Kf1 Rxa2 39. a6 Ra1+ 40. Ke2 Ra2+ 41. Kd3 Ra3+ 42. Kc4 Rxg3 43. a7 Ra3 44. Rc7+ Kg6 45. Rb7 Bh4 46. Rb6+ Bf6 47. Rb7 Bh4 48. Rb6+ Bf6 1/2-1/2

[Event "IECC P email"]
[Site "IECC email"]
[Date "2001.08.20"]
[Round "?"]
[White "Coulding, Brad"]
[Black "Nagley, Tim"]
[Result "0-1"]
[WhiteElo "1537"]
[BlackElo "1977"]
[PlyCount "56"]
[EventDate "2001.??.??"]
[EventType "tourn (corr)"]
[EventRounds "6"]
[SourceTitle "Corr 2008"]
[Source "ChessBase"]
[SourceDate "2008.06.24"]
[SourceVersion "1"]
[SourceVersionDate "2008.06.24"]
[SourceQuality "1"]

1. d4 d5 2. c4 dxc4 3. Nf3 Nf6 4. Nc3 c6 5. e4 b5 6. e5 Nd5 7. a4 e6 8. Ng5 Be7 9. Nge4 b4 10. Nb1 Ba6 11. Be3 c5 12. dxc5 0-0 13. Bd4 Nc6 14. Nd6 Bxd6 15. exd6 Qh4 16. g4 e5 17. Bg2 exd4 18. 0-0 Nf6 19. h3 Rac8 20. Re1 Rfd8 21. Nd2 Nd7 22. Bxc6 Rxc6 23. Qf3 Rxc5 24. Re7 f6 25. Rae1 Ne5 26. Qg2 Qh6 27. Nf3 c3 28. Nxd4 cxb2 0-1

[Event "IECC P email"]
[Site "IECC email"]
[Date "2001.03.14"]
[Round "?"]
[White "De Wolf, Ben"]
[Black "Coulding, Brad"]
[Result "1-0"]
[WhiteElo "1822"]
[BlackElo "1551"]
[PlyCount "45"]
[EventDate "2001.??.??"]
[EventType "tourn (corr)"]
[EventRounds "6"]
[SourceTitle "Corr 2008"]
[Source "ChessBase"]
[SourceDate "2008.06.24"]
[SourceVersion "1"]
[SourceVersionDate "2008.06.24"]
[SourceQuality "1"]

1. e4 e6 2. d4 d5 3. Nd2 b6 4. Ngf3 Bb7 5. Bb5+ c6 6. Bd3 c5 7. exd5 Bxd5 8. 0-0 Nc6 9. dxc5 Bxc5 10. a3 a5 11. c4 Bxf3 12. Nxf3 Nf6 13. Bg5 Nd4 14. Ne5 h6 15. Bh4 Bd6 16. Nf3 Nxf3+ 17. Qxf3 Be5 18. Rfe1 Bxb2 19. Rad1 Bd4 20. Bxf6 gxf6 21. Bc2 Rc8 22. Re4 Rxc4 23. Bb3 1-0